[Event "Wch Seniors 23rd 2013"]
[Site "Opatija"]
[Date "2013.11.12"]
[Round "1.62"]
[White "Hartung-Nielsen, Jens"]
[Black "Hernandez M., E. Gustavo"]
[Result "1-0"]
[WhiteElo "2219"]
[BlackElo "1933"]
[PlyCount "63"]
[EventDate "2013.11.12"]

1. Nf3 Nf6 2. c4 c5 3. Nc3 Nc6 4. e3 g6 5. d4 d6 6. Be2 Bg7 7. O-O O-O 8. d5
Nb8 9. e4 Nbd7 10. Bf4 Nh5 11. Be3 a6 12. a4 Qc7 13. Qd2 Re8 14. Ne1 Ne5 15. h3
Nf6 16. f4 Ned7 17. g4 Nf8 18. f5 N6d7 19. Nf3 Ne5 20. Bh6 Nxf3+ 21. Rxf3 Nd7
22. Bxg7 Kxg7 23. g5 Ne5 24. Rf2 f6 25. Raf1 Rf8 26. h4 Bd7 27. h5 gxf5 28.
exf5 Rg8 29. Kh1 Raf8 30. Rg2 Kh8 31. g6 Qc8 32. Qf4 1-0

[Event "Wch Seniors 23rd 2013"]
[Site "Opatija"]
[Date "2013.11.12"]
[Round "1.63"]
[White "Masich, Vladimir"]
[Black "Yakimenko, Alexander A"]
[Result "0-1"]
[WhiteElo "1931"]
[BlackElo "2212"]
[PlyCount "118"]
[EventDate "2013.11.12"]

1. Nf3 d5 2. d4 Nf6 3. c4 e6 4. Bg5 c6 5. cxd5 exd5 6. Nc3 Be7 7. Qc2 Nbd7 8.
e3 O-O 9. Bd3 Re8 10. O-O h6 11. Bf4 Nf8 12. h3 Ne6 13. Bh2 Ng5 14. Nxg5 hxg5
15. Bf5 Bf8 16. Be5 Be6 17. Rad1 Nd7 18. Bg3 Qf6 19. Bxe6 Qxe6 20. Rfe1 g4 21.
hxg4 Qxg4 22. Qe2 Qg6 23. Qd3 Qxd3 24. Rxd3 Nb6 25. b3 Bb4 26. Red1 f6 27. Nb1
Kf7 28. a3 Bf8 29. f3 Re6 30. Be1 Rae8 31. Kf2 Bd6 32. a4 g5 33. a5 Nc8 34. g3
f5 35. Nd2 Bb4 36. Nf1 Bxe1+ 37. Rxe1 Nd6 38. Nd2 Rh8 39. Kg2 Reh6 40. Nf1 a6
41. Re2 Rh1 42. Kf2 Kg6 43. Ke1 R8h3 44. Rdd2 Rxg3 45. Rh2 Rxh2 46. Rxh2 Rxf3
47. Ke2 g4 48. Rh8 Ne4 49. Rb8 Rf2+ 50. Ke1 g3 51. Nxg3 Ra2 52. Nxe4 fxe4 53.
Rxb7 Kf5 54. Rb6 Kg4 55. Rxc6 Kf3 56. Rxa6 Kxe3 57. Kd1 Kd3 58. Kc1 e3 59. Kb1
Rf2 0-1

[Event "Wch Seniors 23rd 2013"]
[Site "Opatija"]
[Date "2013.11.12"]
[Round "1.65"]
[White "Choong, Liong-On Mark"]
[Black "Nukin, Tolegen"]
[Result "0-1"]
[WhiteElo "1924"]
[BlackElo "2208"]
[PlyCount "75"]
[EventDate "2013.11.12"]

1. c4 Nf6 2. Nc3 e6 3. g3 d5 4. Bg2 Be7 5. b3 O-O 6. Bb2 c5 7. Nf3 d4 8. Na4
Nc6 9. O-O Rb8 10. Re1 a6 11. Rc1 e5 12. e4 Nd7 13. Ba1 Nb4 14. Rb1 Nxa2 15.
Bh3 Qc7 16. Nb2 Nb4 17. Qe2 b5 18. d3 Nc6 19. Nd2 Bd6 20. Nd1 Nb6 21. Qh5 Bxh3
22. Qxh3 Nb4 23. g4 Nc8 24. Kh1 Ne7 25. Rg1 Ng6 26. Rg3 Be7 27. Bb2 Bh4 28. Rf3
Bg5 29. Nf1 Nf4 30. Qg3 Qe7 31. Rxf4 Bxf4 32. Qh3 Qg5 33. Ba3 bxc4 34. dxc4 Rb6
35. Nb2 Rfb8 36. Na4 Rh6 37. Qg2 Rc6 38. Ng3 0-1

[Event "Wch Seniors 23rd 2013"]
[Site "Opatija"]
[Date "2013.11.12"]
[Round "1.66"]
[White "Haubt, Georg"]
[Black "Filzmaier, Bruno"]
[Result "1/2-1/2"]
[WhiteElo "2206"]
[BlackElo "1895"]
[PlyCount "34"]
[EventDate "2013.11.12"]

1. e4 e6 2. d4 d5 3. Nc3 dxe4 4. Nxe4 Nf6 5. Bg5 Be7 6. Bxf6 gxf6 7. Nf3 b6 8.
Bd3 Bb7 9. Qe2 c6 10. O-O-O Qc7 11. Rhe1 Nd7 12. Ba6 Bxa6 13. Qxa6 b5 14. Nc5
Nxc5 15. dxc5 Bxc5 16. Nd4 Bxd4 17. Rxd4 Qb6 1/2-1/2

[Event "Wch Seniors 23rd 2013"]
[Site "Opatija"]
[Date "2013.11.12"]
[Round "1.67"]
[White "Bianco Diaz, Rogelio Jose"]
[Black "Schouten, Nico"]
[Result "0-1"]
[WhiteElo "1891"]
[BlackElo "2201"]
[PlyCount "118"]
[EventDate "2013.11.12"]

1. d4 Nf6 2. f4 d5 3. Nf3 e6 4. e3 c5 5. c3 Nc6 6. Bd3 Be7 7. Nbd2 Ng4 8. Qe2
f5 9. O-O O-O 10. Ne5 Ngxe5 11. fxe5 Bd7 12. Qh5 Rb8 13. Nf3 b5 14. a3 b4 15.
axb4 cxb4 16. c4 dxc4 17. Bxc4 Na5 18. Bd3 Bb5 19. Bxb5 Rxb5 20. Bd2 Qd7 21.
Rfd1 Qb7 22. Ne1 Nb3 23. Ra4 a5 24. Qe2 Qd5 25. Nd3 Qc6 26. Nc1 Nxd2 27. Qxd2
Rxe5 28. b3 Rb5 29. Nd3 Qd5 30. Qc2 Bg5 31. Nf4 Bxf4 32. exf4 Rd8 33. Raa1 Qd6
34. Qc4 Rd5 35. g3 Rxd4 36. Rxd4 Qxd4+ 37. Qxd4 Rxd4 38. Rxa5 Rd3 39. Ra7 Rxb3
40. Re7 Re3 41. Kf2 Re4 42. Rb7 Kf8 43. Kf3 h5 44. Kf2 g6 45. Kf3 Ke8 46. Kg2
Kd8 47. Kh3 Kc8 48. Rb5 Kc7 49. Kh4 Kc6 50. Rb8 Kc5 51. Kg5 Kc4 52. Kxg6 Kc3
53. Kxh5 b3 54. Kg5 Rb4 55. Re8 b2 56. Rc8+ Kd2 57. Rd8+ Ke2 58. Re8 b1=Q 59.
Rxe6+ Kf3 0-1

[Event "Wch Seniors 23rd 2013"]
[Site "Opatija"]
[Date "2013.11.12"]
[Round "1.69"]
[White "Sevenyuk, Alexey"]
[Black "Malmdin, Nils-Ake"]
[Result "0-1"]
[WhiteElo "1886"]
[BlackElo "2191"]
[PlyCount "106"]
[EventDate "2013.11.12"]

1. e4 d5 2. exd5 Qxd5 3. Nc3 Qa5 4. d4 Nf6 5. Nf3 Bg4 6. h3 Bh5 7. g4 Bg6 8.
Ne5 c6 9. h4 Nbd7 10. Nxd7 Nxd7 11. h5 Be4 12. f3 Bd5 13. Bd2 e5 14. dxe5 Nxe5
15. Nxd5 Qxd5 16. Bg2 O-O-O 17. Bc3 Qc5 18. Qe2 f6 19. Bxe5 fxe5 20. Rd1 Be7
21. Rxd8+ Rxd8 22. Qe4 h6 23. Bf1 Qa5+ 24. c3 Qxa2 25. Qc2 Qa1+ 26. Kf2 Bc5+
27. Kg2 Qe1 28. Bd3 Qe3 29. Rd1 Kc7 30. Qe2 Qf4 31. Bf5 Bd6 32. Qe4 Qg5 33. Qa4
Kb8 34. Qc4 Qe7 35. Qe6 Qxe6 36. Bxe6 a5 37. b3 Kc7 38. c4 Kb6 39. Kf2 Bc5+ 40.
Ke2 Bd4 41. Kd3 Kc5 42. Ke4 Rf8 43. Bf5 Rf7 44. Rd3 Kb4 45. f4 Re7 46. fxe5
Bxe5 47. Rd7 Rxd7 48. Kxe5 Re7+ 49. Kd6 Re3 50. Kc7 Rxb3 51. Kxb7 Kxc4+ 52. Ka6
a4 53. Ka5 Rb4 0-1

[Event "Wch Seniors 23rd 2013"]
[Site "Opatija"]
[Date "2013.11.12"]
[Round "1.70"]
[White "Vogel, Jaap"]
[Black "Lim, Kian Hwa"]
[Result "1-0"]
[WhiteElo "2191"]
[BlackElo "1883"]
[PlyCount "59"]
[EventDate "2013.11.12"]

1. d4 d5 2. Nf3 Nf6 3. g3 g6 4. Bg2 Bg7 5. O-O O-O 6. c4 c6 7. Nbd2 Nbd7 8. b3
b6 9. Bb2 Bb7 10. Rc1 Re8 11. Ne5 e6 12. cxd5 cxd5 13. Nc6 Bxc6 14. Rxc6 Rc8
15. Qc2 Bh6 16. e3 Ng4 17. Nf3 Ndf6 18. Ne5 Bf8 19. Rc1 Rxc6 20. Nxc6 Qa8 21.
h3 Nh6 22. g4 Nd7 23. e4 dxe4 24. Bxe4 Kh8 25. Ne5 Qd8 26. Nxd7 Qxd7 27. Bc6
Qe7 28. Bxe8 Qh4 29. Qd3 Bd6 30. Qf3 1-0

[Event "Wch Seniors 23rd 2013"]
[Site "Opatija"]
[Date "2013.11.12"]
[Round "1.71"]
[White "Bohman, Leif"]
[Black "Vokoun, Jan"]
[Result "0-1"]
[WhiteElo "1880"]
[BlackElo "2185"]
[PlyCount "68"]
[EventDate "2013.11.12"]

1. d4 g6 2. Nf3 Bg7 3. Bf4 c5 4. c3 Qb6 5. Qb3 Nf6 6. Nbd2 d6 7. e3 O-O 8. Be2
Nbd7 9. O-O h6 10. h3 Qc6 11. Rfe1 Nb6 12. Bf1 Be6 13. Qd1 Qa4 14. Qb1 Rac8 15.
Bh2 Rfd8 16. Bd3 Bd7 17. b3 Qa5 18. c4 Be8 19. a3 Nbd7 20. b4 Qb6 21. Ra2 Nf8
22. d5 N6d7 23. b5 a6 24. a4 Qa5 25. Rc1 Ra8 26. Qc2 Rdc8 27. Qb3 Nb6 28. Bc2
axb5 29. cxb5 c4 30. Qb1 Bxb5 31. e4 Ba6 32. Bd1 Nbd7 33. g4 Nc5 34. Kg2 Nd3
0-1

[Event "Wch Seniors 23rd 2013"]
[Site "Opatija"]
[Date "2013.11.12"]
[Round "1.72"]
[White "Agzamov, Valery"]
[Black "Kiss, Istvan"]
[Result "1-0"]
[WhiteElo "2183"]
[BlackElo "1880"]
[PlyCount "103"]
[EventDate "2013.11.12"]

1. e4 c6 2. Nc3 d5 3. Nf3 Bg4 4. h3 Bxf3 5. Qxf3 d4 6. Ne2 e5 7. d3 Nf6 8. Bd2
Nbd7 9. g4 Nc5 10. Bg2 Be7 11. Qg3 Bd6 12. O-O Qc7 13. c3 dxc3 14. bxc3 O-O 15.
Qe3 Rfe8 16. Ng3 Ne6 17. Nf5 Bf8 18. Qg3 Rad8 19. Rad1 Nf4 20. Bxf4 exf4 21.
Qf3 g6 22. Nd4 Bd6 23. Rfe1 Be5 24. Ne2 Qa5 25. d4 Bc7 26. Nxf4 Qg5 27. e5 Nd5
28. Nxd5 cxd5 29. Rb1 Bb6 30. Rb5 Qd2 31. Re2 Qc1+ 32. Kh2 Qd1 33. Re3 Qa4 34.
Rxd5 Qxa2 35. Rxd8 Rxd8 36. Qxb7 Qe6 37. Rf3 Rd7 38. Qc8+ Kg7 39. Rf6 Qe7 40.
Qc4 Bc7 41. f4 Qd8 42. g5 Bb6 43. Rc6 h6 44. h4 hxg5 45. Rc8 Qe7 46. hxg5 Rd8
47. Rxd8 Qxd8 48. Qc6 Qh8+ 49. Kg3 Qf8 50. Qf6+ Kg8 51. Bd5 Bd8 52. Qxg6+ 1-0

[Event "Wch Seniors 23rd 2013"]
[Site "Opatija"]
[Date "2013.11.12"]
[Round "1.73"]
[White "Korenevski, Oleg"]
[Black "Gundersen, Helge"]
[Result "0-1"]
[WhiteElo "1880"]
[BlackElo "2183"]
[PlyCount "86"]
[EventDate "2013.11.12"]

1. d4 e6 2. e4 d5 3. exd5 exd5 4. Nf3 Bd6 5. Bd3 Bg4 6. h3 Bh5 7. Qe2+ Ne7 8.
Be3 c6 9. g4 Bg6 10. Ne5 Bxd3 11. Nxd3 Qc7 12. Nd2 O-O 13. O-O-O a5 14. h4 Na6
15. h5 Nb4 16. Kb1 Nxd3 17. Qxd3 f5 18. f3 Rae8 19. Rdg1 Bf4 20. Nb3 b6 21. g5
Nc8 22. Re1 Bg3 23. Re2 Re7 24. Bd2 f4 25. Nc1 Rfe8 26. Rg1 Nd6 27. b3 a4 28.
Rgg2 axb3 29. axb3 Nb5 30. Rxe7 Rxe7 31. Re2 Qd6 32. Rxe7 Qxe7 33. Qe2 Kf8 34.
Qe5 Qxe5 35. dxe5 Nd4 36. g6 hxg6 37. hxg6 Nxf3 38. Bc3 d4 39. Bb2 c5 40. Nd3
Nh4 41. b4 c4 42. Nxf4 Bxf4 43. Bxd4 b5 0-1

[Event "Wch Seniors 23rd 2013"]
[Site "Opatija"]
[Date "2013.11.12"]
[Round "1.75"]
[White "Borensztajn, David"]
[Black "Ofstad, Per"]
[Result "1/2-1/2"]
[WhiteElo "1869"]
[BlackElo "2181"]
[PlyCount "48"]
[EventDate "2013.11.12"]

1. d4 d5 2. c4 c6 3. Nf3 Nf6 4. e3 e6 5. Nbd2 Nbd7 6. b3 Be7 7. Bb2 O-O 8. Bd3
b6 9. O-O Bb7 10. Ne5 c5 11. f4 cxd4 12. exd4 Ne4 13. cxd5 Nxd2 14. Qxd2 Nxe5
15. fxe5 Qxd5 16. Rf3 h6 17. Rg3 Bg5 18. Qe2 f5 19. exf6 Bxf6 20. Rd1 Bxd4+ 21.
Bxd4 Qxd4+ 22. Re3 Kh8 23. Kh1 Rad8 24. h3 Qh4 1/2-1/2

[Event "Wch Seniors 23rd 2013"]
[Site "Opatija"]
[Date "2013.11.12"]
[Round "1.76"]
[White "Singer, Hans"]
[Black "Barkman, Rolf"]
[Result "1-0"]
[WhiteElo "2177"]
[BlackElo "1867"]
[PlyCount "53"]
[EventDate "2013.11.12"]

1. d4 d5 2. c4 c6 3. Nf3 Nf6 4. Nc3 e6 5. Bg5 h6 6. Bxf6 gxf6 7. e3 Bd6 8. Qc2
Nd7 9. O-O-O dxc4 10. Bxc4 b5 11. Bd3 Bb7 12. Kb1 Qb6 13. e4 a5 14. d5 e5 15.
dxc6 Bxc6 16. Bxb5 Qc5 17. Bxc6 Qxc6 18. Nh4 Rc8 19. Rxd6 Qxd6 20. Nb5 Qa6 21.
Nd6+ Kd8 22. Nxc8 Qxc8 23. Qd3 Qb7 24. Nf5 Qb6 25. Rd1 Qc6 26. f3 h5 27. Qa3
1-0

[Event "Wch Seniors 23rd 2013"]
[Site "Opatija"]
[Date "2013.11.12"]
[Round "1.77"]
[White "Kayaman, Metin"]
[Black "Kostanjsek, Zorko"]
[Result "0-1"]
[WhiteElo "1865"]
[BlackElo "2177"]
[PlyCount "58"]
[EventDate "2013.11.12"]

1. c4 d6 2. Nc3 e5 3. g3 f5 4. Bg2 Nf6 5. d3 Be7 6. Nh3 O-O 7. O-O Kh8 8. f4
Nc6 9. e3 Qe8 10. Ng5 Bd7 11. a3 a5 12. Nb5 Bd8 13. Re1 h6 14. Nh3 Qf7 15. fxe5
dxe5 16. Nf2 Rb8 17. Bd2 e4 18. Rc1 exd3 19. Nxd3 Re8 20. Nf4 Ne4 21. Nd5 Ne5
22. Nbxc7 Bxc7 23. Nxc7 Rec8 24. Bxe4 fxe4 25. Rf1 Nf3+ 26. Rxf3 exf3 27. Nd5
f2+ 28. Kg2 Rxc4 29. Bc3 f1=Q+ 0-1

[Event "Wch Seniors 23rd 2013"]
[Site "Opatija"]
[Date "2013.11.12"]
[Round "1.78"]
[White "Sasu-Ducsoara, Adrian-Florian"]
[Black "Tsomaia, Sergo"]
[Result "0-1"]
[WhiteElo "2176"]
[BlackElo "1859"]
[PlyCount "40"]
[EventDate "2013.11.12"]

1. e4 e5 2. Nf3 Nc6 3. Bb5 Nf6 4. Qe2 Bc5 5. Bxc6 bxc6 6. Nxe5 Qe7 7. Nd3 Ba6
8. f3 O-O-O 9. Kd1 Qe8 10. Qe1 Bb6 11. b3 d5 12. Ba3 Qd7 13. Nc5 Bxc5 14. Bxc5
dxe4 15. Be3 exf3 16. gxf3 Nd5 17. Kc1 Qf5 18. Qf2 Nb4 19. Na3 Bd3 20. Qg3 Nxc2
{Dirty manuscript!} 0-1

[Event "Wch Seniors 23rd 2013"]
[Site "Opatija"]
[Date "2013.11.12"]
[Round "1.79"]
[White "Strohbusch, Frank"]
[Black "Neumann, Joachim"]
[Result "1/2-1/2"]
[WhiteElo "1855"]
[BlackElo "2175"]
[PlyCount "90"]
[EventDate "2013.11.12"]

1. e4 c5 2. Nc3 Nc6 3. g3 g6 4. Bg2 Bg7 5. d3 Rb8 6. f4 b5 7. Nf3 d6 8. Ne2 Bd7
9. O-O Qc8 10. c3 b4 11. d4 bxc3 12. bxc3 cxd4 13. Nfxd4 Nf6 14. Bd2 O-O 15. f5
Ne5 16. h3 Nc4 17. Bc1 e5 18. fxe6 fxe6 19. g4 e5 20. Nc2 Qc5+ 21. Kh2 Bc6 22.
Ng3 d5 23. Nb4 Nxe4 24. Nxc6 Qxc6 25. Nxe4 dxe4 26. Rxf8+ Rxf8 27. Qe2 Kh8 28.
Qxe4 Qxe4 29. Bxe4 Nd6 30. Bg2 Rc8 31. Be3 Rxc3 32. Bxa7 e4 33. Rd1 Be5+ 34.
Kg1 Nb5 35. Rd8+ Kg7 36. Rd7+ Kf6 37. Bb6 Rc6 38. Bd8+ Ke6 39. Re7+ Kd6 40.
Bxe4 Rc1+ 41. Kg2 Rc8 42. Rb7 Nc3 43. Be7+ Ke6 44. Bc2 Kd5 45. Bb3+ Kc6 1/2-1/2

[Event "Wch Seniors 23rd 2013"]
[Site "Opatija"]
[Date "2013.11.12"]
[Round "1.80"]
[White "Titz, Heimo"]
[Black "Alavi, Mir Mahmood"]
[Result "1-0"]
[WhiteElo "2174"]
[BlackElo "1852"]
[PlyCount "91"]
[EventDate "2013.11.12"]

1. c4 f5 2. Nf3 g6 3. d4 Bg7 4. Nc3 Nf6 5. g3 O-O 6. Bg2 d6 7. O-O Nbd7 8. d5
Nc5 9. Nd4 e5 10. dxe6 c6 11. b3 Nxe6 12. Nxe6 Bxe6 13. Bb2 d5 14. cxd5 Nxd5
15. Qc1 Nxc3 16. Bxc3 Qe7 17. Rd1 Qc5 18. Bxg7 Qxc1 19. Raxc1 Kxg7 20. Rd2 Rfd8
21. Rcd1 Rxd2 22. Rxd2 Kf7 23. f4 Ke7 24. Kf2 Rd8 25. Rxd8 Kxd8 26. e4 fxe4 27.
Bxe4 a5 28. Ke3 Kc7 29. Kd4 Kd6 30. Kc3 b5 31. a3 c5 32. Kb2 b4 33. Bd3 Bd5 34.
g4 Bf3 35. g5 Kd5 36. axb4 axb4 37. f5 gxf5 38. Bxf5 Be4 39. Bxe4+ Kxe4 40. Kc2
Kd4 41. h4 c4 42. bxc4 Kxc4 43. h5 b3+ 44. Kb2 Kd4 45. g6 hxg6 46. h6 1-0

[Event "Wch Seniors 23rd 2013"]
[Site "Opatija"]
[Date "2013.11.12"]
[Round "1.81"]
[White "Andersson, Finn"]
[Black "Norman, Kenneth I"]
[Result "0-1"]
[WhiteElo "1846"]
[BlackElo "2173"]
[PlyCount "56"]
[EventDate "2013.11.12"]

1. e4 e5 2. Nf3 Nc6 3. d4 exd4 4. Nxd4 Bc5 5. Nb3 Bb6 6. Nc3 d6 7. Qe2 Nge7 8.
Bg5 f6 9. Be3 Be6 10. O-O-O Qd7 11. Nc5 Bxc5 12. Bxc5 O-O 13. Ba3 Qe8 14. Nd5
Qc8 15. Nxe7+ Nxe7 16. c4 Re8 17. g3 Nc6 18. Bg2 a5 19. f4 Nb4 20. Bxb4 axb4
21. Kb1 b5 22. b3 bxc4 23. e5 Ra3 24. Qd2 cxb3 25. Qxb4 Rxa2 26. Bd5 Bxd5 27.
Rxd5 Qf5+ 28. Kc1 Qc2# 0-1

[Event "Wch Seniors 23rd 2013"]
[Site "Opatija"]
[Date "2013.11.12"]
[Round "1.82"]
[White "Markovic, Lazar"]
[Black "Urbanc, Vinko"]
[Result "0-1"]
[WhiteElo "2172"]
[BlackElo "1842"]
[PlyCount "98"]
[EventDate "2013.11.12"]

1. e4 Nf6 2. e5 Nd5 3. d4 d6 4. c4 Nb6 5. exd6 cxd6 6. Nf3 Bg4 7. Be2 e6 8. Nc3
Be7 9. h3 Bxf3 10. Bxf3 Nc6 11. b3 d5 12. c5 Nd7 13. O-O O-O 14. a3 Bf6 15. Be3
Nxc5 16. Rc1 Nd7 17. b4 Nb6 18. Be2 a6 19. Qd2 Nc4 20. Bxc4 dxc4 21. Rfd1 b5
22. Ne4 Qd5 23. Nc3 Qf5 24. Qc2 Qxc2 25. Rxc2 Rfd8 26. Rcd2 Ne7 27. Kf1 Nd5 28.
Ne2 Kf8 29. Rb1 Ke7 30. Ke1 Rd7 31. Rc2 Rad8 32. a4 Rb7 33. a5 Kd7 34. Kd1 Kc6
35. Kc1 Rbd7 36. Ra2 h5 37. Rc2 Ne7 38. g4 hxg4 39. hxg4 g6 40. Rd2 Nd5 41. Rd1
Rh8 42. Rg1 Rh2 43. Kd1 Be7 44. Bd2 Rxf2 45. g5 Rf3 46. Ke1 Kb7 47. Rf1 Rd3 48.
Rxf7 Rxd2 49. Kxd2 Bxg5+ 0-1

[Event "Wch Seniors 23rd 2013"]
[Site "Opatija"]
[Date "2013.11.12"]
[Round "1.83"]
[White "Peierl, Walter"]
[Black "Hohler, Peter"]
[Result "0-1"]
[WhiteElo "1834"]
[BlackElo "2171"]
[PlyCount "70"]
[EventDate "2013.11.12"]

1. e4 e5 2. Nf3 Nc6 3. Bc4 Nf6 4. d3 Be7 5. Nc3 d6 6. h3 O-O 7. Be3 Na5 8. Bb3
Nxb3 9. axb3 c5 10. Qd2 b6 11. Nd5 Nxd5 12. exd5 f5 13. Bg5 a5 14. Bxe7 Qxe7
15. O-O Qf7 16. c4 h6 17. Kh2 Qh5 18. Ng1 g5 19. f3 Bd7 20. Qe2 f4 21. Qf2 Kh8
22. Rae1 Rg8 23. g4 fxg3+ 24. Qxg3 Raf8 25. Re4 Qg6 26. Rfe1 Bf5 27. R1e3 Bxe4
28. dxe4 b5 29. cxb5 Rb8 30. Qg4 Qf7 31. Ne2 Rxb5 32. Ng3 Rgb8 33. Nf5 Rxb3 34.
Nxd6 Rxb2+ 35. Kg3 Qf4+ 0-1

[Event "Wch Seniors 23rd 2013"]
[Site "Opatija"]
[Date "2013.11.12"]
[Round "1.84"]
[White "Serra Olives, Tomas"]
[Black "Birkestrand, Odd"]
[Result "1-0"]
[WhiteElo "2169"]
[BlackElo "1819"]
[PlyCount "63"]
[EventDate "2013.11.12"]

1. e4 e5 2. Nf3 Nc6 3. Bb5 d6 4. O-O Bd7 5. d4 Nf6 6. Nc3 Be7 7. Bxc6 Bxc6 8.
dxe5 Nxe4 9. Nxe4 Bxe4 10. exd6 cxd6 11. Re1 d5 12. c4 O-O 13. cxd5 f5 14. Bf4
Bb4 15. Qb3 Bd6 16. Bxd6 Qxd6 17. Rad1 h6 18. Rd2 b6 19. Rc1 Rac8 20. Rc6 Qf4
21. d6+ Kh7 22. Rxc8 Rxc8 23. d7 Rd8 24. Rd4 Qc1+ 25. Rd1 Qc7 26. Qe6 Qc2 27.
Re1 Qc6 28. Qxc6 Bxc6 29. Ne5 Bb7 30. Rc1 Kg8 31. Rc7 Ba6 32. Nc6 1-0

[Event "Wch Seniors 23rd 2013"]
[Site "Opatija"]
[Date "2013.11.12"]
[Round "1.85"]
[White "Wibe, Per H"]
[Black "Archangelsky, Mikhail"]
[Result "0-1"]
[WhiteElo "1819"]
[BlackElo "2162"]
[PlyCount "88"]
[EventDate "2013.11.12"]

1. e4 e6 2. d4 d5 3. e5 c5 4. c3 Qb6 5. f4 Nc6 6. Nf3 Nh6 7. Na3 cxd4 8. Nb5
dxc3 9. bxc3 Nf5 10. Qd3 a6 11. Nbd4 Nfxd4 12. Nxd4 Be7 13. Rb1 Qc7 14. Be3 O-O
15. Be2 Bd7 16. O-O Rac8 17. Rf3 Nxd4 18. Bxd4 Bb5 19. Qd2 Bxe2 20. Qxe2 b5 21.
f5 Bc5 22. f6 Bxd4+ 23. cxd4 Qc2 24. Qf1 g6 25. Qe1 Rc4 26. Rd1 Rfc8 27. Rfd3
Rc3 28. R3d2 Qe4 29. Re2 Qf4 30. Rf2 Qg4 31. a4 Qxd1 32. Qxd1 Rc1 33. Rd2 Rxd1+
34. Rxd1 b4 35. a5 Kf8 36. Kf2 Ke8 37. g4 h6 38. h4 Kd7 39. h5 g5 40. Rb1 Rc4
41. Ke3 Kc6 42. Kd3 Kb5 43. Ra1 Rc3+ 44. Ke2 Kc4 0-1

[Event "Wch Seniors 23rd 2013"]
[Site "Opatija"]
[Date "2013.11.12"]
[Round "1.86"]
[White "Samartsev, Alexander"]
[Black "Bauza Mercere, Eduardo"]
[Result "0-1"]
[WhiteElo "2160"]
[BlackElo "1811"]
[PlyCount "72"]
[EventDate "2013.11.12"]

1. d4 Nf6 2. c4 d6 3. Nc3 c6 4. Bf4 Nbd7 5. e3 g6 6. h3 Bg7 7. Nf3 O-O 8. Be2
Qe8 9. O-O e5 10. Bh2 Qe7 11. c5 dxc5 12. dxe5 Ne8 13. Rc1 Nxe5 14. Ne4 Nxf3+
15. Bxf3 Bxb2 16. Rxc5 Bf5 17. Qc2 Bg7 18. g4 Be6 19. Rb1 Rd8 20. Ra5 b6 21.
Ra4 c5 22. Rd1 Rd7 23. Rxd7 Qxd7 24. Ng5 a5 25. Nxe6 fxe6 26. Be2 Nc7 27. Qb3
Qd2 28. Rf4 Rxf4 29. Bxf4 Nd5 30. Bc4 Nxf4 31. exf4 Bd4 32. Bxe6+ Kg7 33. Qf3
Qe1+ 34. Kg2 Qxe6 35. Qb7+ Qf7 36. Qxb6 Qxf4 0-1

[Event "Wch Seniors 23rd 2013"]
[Site "Opatija"]
[Date "2013.11.12"]
[Round "1.87"]
[White "Pressl, Harald"]
[Black "Balmazi, Leon"]
[Result "0-1"]
[WhiteElo "1802"]
[BlackElo "2159"]
[PlyCount "50"]
[EventDate "2013.11.12"]

1. e4 c5 2. Nc3 e6 3. f4 d5 4. exd5 exd5 5. Nf3 Nf6 6. Bb5+ Bd7 7. O-O Be7 8.
Qe1 O-O 9. Bxd7 Nbxd7 10. d3 Re8 11. Qg3 Bd6 12. Bd2 d4 13. Ne4 Nxe4 14. dxe4
Rxe4 15. Rae1 Nf6 16. Ng5 Rxe1 17. Rxe1 Qd7 18. Ne4 Nxe4 19. Rxe4 Re8 20. Qe1
Kf8 21. Rxe8+ Qxe8 22. Qxe8+ Kxe8 23. g4 Kd7 24. Kf2 Kc6 25. c4 dxc3 0-1

[Event "Wch Seniors 23rd 2013"]
[Site "Opatija"]
[Date "2013.11.12"]
[Round "1.88"]
[White "Mclaren, Brian"]
[Black "Norman, Dinah M"]
[Result "1-0"]
[WhiteElo "2158"]
[BlackElo "1800"]
[PlyCount "59"]
[EventDate "2013.11.12"]

1. g3 d5 2. Bg2 Nf6 3. d3 c6 4. Nd2 Bg4 5. h3 Bh5 6. Ngf3 Bxf3 7. Nxf3 e6 8.
O-O Be7 9. b3 O-O 10. Bb2 a5 11. a3 Nbd7 12. Qe1 Re8 13. e4 Nc5 14. e5 Nfd7 15.
Qe2 Qc7 16. Rae1 Na6 17. Nh2 b5 18. f4 Bc5+ 19. Kh1 b4 20. a4 Qd8 21. Qh5 Nf8
22. Nf3 Ra7 23. g4 Nb8 24. f5 exf5 25. gxf5 d4 26. Re4 Rd7 27. Rg4 Bb6 28. f6
g6 29. Qh6 Ne6 30. Ng5 1-0

[Event "Wch Seniors 23rd 2013"]
[Site "Opatija"]
[Date "2013.11.12"]
[Round "1.89"]
[White "Kummer, Heinz"]
[Black "Grabow, Pouelsten Holm"]
[Result "0-1"]
[WhiteElo "1788"]
[BlackElo "2157"]
[PlyCount "70"]
[EventDate "2013.11.12"]

1. e4 e6 2. d4 d5 3. Nc3 Nf6 4. Bg5 Be7 5. e5 Ng8 6. Bxe7 Nxe7 7. Qd2 b6 8. f4
g6 9. Nf3 Ba6 10. O-O-O Qd7 11. Bd3 Bxd3 12. Qxd3 Nbc6 13. Kb1 O-O-O 14. g4 Kb7
15. Ne2 h5 16. h3 Rdf8 17. g5 Nf5 18. h4 Rc8 19. Nd2 Rhd8 20. Rh3 a6 21. c3 Na5
22. Nc1 Qb5 23. Qxb5 axb5 24. b4 Nc4 25. Nxc4 dxc4 26. Re1 c5 27. Ne2 cxd4 28.
cxd4 Nxd4 29. Nc3 Kc6 30. Ne4 Nf5 31. Kc2 Rd4 32. Nd6 Nxd6 33. exd6 Rxf4 34.
Rd1 Rd8 35. a3 Rxd6 0-1

[Event "Wch Seniors 23rd 2013"]
[Site "Opatija"]
[Date "2013.11.12"]
[Round "1.90"]
[White "Jackson, Oliver A"]
[Black "Zilbershtein, Victor"]
[Result "1-0"]
[WhiteElo "2154"]
[BlackElo "1780"]
[PlyCount "59"]
[EventDate "2013.11.12"]

1. e4 e6 2. d4 d5 3. Nc3 Nf6 4. e5 Nfd7 5. f4 c5 6. Nf3 Nc6 7. Bd3 cxd4 8. Ne2
Bb4+ 9. Bd2 Bc5 10. O-O O-O 11. Kh1 f6 12. b4 Nxb4 13. Nexd4 Nb6 14. Qe2 Nc6
15. c3 Bxd4 16. cxd4 f5 17. Rg1 Kh8 18. g4 g6 19. Rg3 Rg8 20. gxf5 exf5 21. Ng5
Qe7 22. e6 Qf6 23. Rag1 Re8 24. Qh5 Re7 25. Nf7+ Rxf7 26. exf7 Be6 27. Rxg6
Bxf7 28. Qxh7+ Kxh7 29. Rxf6 Bh5 30. Bxf5+ 1-0

[Event "Wch Seniors 23rd 2013"]
[Site "Opatija"]
[Date "2013.11.12"]
[Round "1.91"]
[White "Nielsen, Peter"]
[Black "Altshul, Raffael"]
[Result "0-1"]
[WhiteElo "1769"]
[BlackElo "2150"]
[PlyCount "68"]
[EventDate "2013.11.12"]

1. d4 Nf6 2. Nf3 e6 3. Bg5 h6 4. Bxf6 Qxf6 5. e4 d6 6. Nc3 g6 7. Nb5 Qd8 8. Qd2
Bg7 9. O-O-O O-O 10. h4 Nd7 11. e5 a6 12. Nc3 b5 13. h5 g5 14. Qe3 Bb7 15. Be2
Qe7 16. exd6 cxd6 17. d5 b4 18. Na4 e5 19. Bc4 Qd8 20. Nd2 f5 21. f3 Kh8 22.
Bb3 Nf6 23. Nf1 e4 24. fxe4 Nxe4 25. Ng3 Nxg3 26. Qxg3 f4 27. Qd3 Bc8 28. Rde1
Bf5 29. Qd2 a5 30. Bc4 Bd7 31. Bb3 Qf6 32. c3 Rac8 33. Nb6 bxc3 34. bxc3 Rxc3+
0-1

[Event "Wch Seniors 23rd 2013"]
[Site "Opatija"]
[Date "2013.11.12"]
[Round "1.92"]
[White "Weisenburger, Horst"]
[Black "Keze, Arnis"]
[Result "1/2-1/2"]
[WhiteElo "2141"]
[BlackElo "1735"]
[PlyCount "35"]
[EventDate "2013.11.12"]

1. e4 c5 2. Nf3 d6 3. d4 cxd4 4. c3 dxc3 5. Nxc3 Nc6 6. Bc4 e6 7. O-O Nf6 8.
Qe2 Be7 9. Rd1 Qc7 10. Bg5 h6 11. Bh4 Bd7 12. a3 O-O 13. Ba2 Rac8 14. Qd3 Rfd8
15. Bxf6 Bxf6 16. Qxd6 Qxd6 17. Rxd6 Be8 18. Rad1 1/2-1/2

[Event "Wch Seniors 23rd 2013"]
[Site "Opatija"]
[Date "2013.11.12"]
[Round "1.93"]
[White "Milosevic, Bozidar"]
[Black "Kaminik, Aleksandar"]
[Result "0-1"]
[WhiteElo "1734"]
[BlackElo "2138"]
[PlyCount "85"]
[EventDate "2013.11.12"]

1. e4 e6 2. d4 d5 3. e5 c5 4. Bb5+ Nc6 5. Nf3 Qb6 6. Nc3 cxd4 7. Bxc6+ bxc6 8.
Qxd4 c5 9. Qd2 Ba6 10. Ne2 g6 11. O-O Bh6 12. Qd1 Bxc1 13. Rxc1 Qxb2 14. Rb1
Qxa2 15. Nd2 Qa5 16. f4 Ne7 17. Rf3 Bxe2 18. Qxe2 O-O 19. g4 Rab8 20. Rbf1 Nc6
21. Qg2 Rb2 22. R1f2 Rxc2 23. Nf1 Rxf2 24. Qxf2 f6 25. exf6 Rxf6 26. Qh4 Rf7
27. Ng3 Qa1+ 28. Kg2 Qf6 29. g5 Qe7 30. Qg4 Nb4 31. Re3 Qc7 32. h4 Qxf4 33.
Qxf4 Rxf4 34. Ra3 Rf7 35. h5 c4 36. Ra4 Rc7 37. h6 c3 38. Ra1 d4 39. Kf2 e5 40.
Ke2 e4 41. Rc1 d3+ 42. Kd1 e3 43. Ke1 0-1